000
00222 a2200097 4500
001
4251
100
_a
Naramore,E
245
_a
Principles & practice of loading ammunition
260
_a
_b
Stackpole
_c
090
_c
3468
_d
3468
942
_a
NUST-CAE
_c
M
_c
27424
999
_c
239324
_d
239324